NBA Player by Funko Pop! - Statistics

General Stats
  • This quiz has been taken 68 times
  • The average score is 15 of 16
Answer Stats
Picture Answer % Correct
LeBron James
98%
Michael Jordan
98%
Shaquille O'Neal
98%
Nikola Jokic
97%
Stephen Curry
97%
Jayson Tatum
95%
Wilt Chamberlain
95%
Jaylen Brown
94%
Luka Dončić
94%
Victor Wembanyama
94%
Damian Lillard
91%
Devin Booker
91%
Jimmy Butler
82%
Brandon Ingram
80%
De'Aaron Fox
74%
Kevin Durant
74%
No matching quizzes found
Score Distribution
Percent of People with Each Score
Percentile by Number Answered
Your Score History
You have not taken this quiz